00675nab a22001457i 4500003000900000005001700009008004000026035001700066040002400083041000800107100013500115245011400250260001000364773015500374KOSZ 00520170222134321.0160308s2010 ||||| ||||0|| ||eng  aPBN-R:251210 cKOSZ 005/mdaPBN-ID0 aeng aBORKOWSKI, Przemysław.d1996 - 2013.bPolitechnika Koszalińska - Instytut Niekonwencjonalnych Technologii Hydrostrumieniowych,10aA novel technique for spatial objects shaping with high-pressure abrasive water jet /cPrzemysław Borkowski. c2010. iW:tStrojniski Vestnik Journal of Mechanical Engineering. -x0039-2480dAssoc. Mechanical Engineers Technicians Sloveniag2010, nr 56 (5), s. 287-294.